[Event "OLNN 1718 SF Schwerin - Königsspringer"]
[Site "?"]
[Date "2017.10.23"]
[Round "2.7"]
[White "Lock, Adrian"]
[Black "Heinsohn, Wilfried"]
[Result "1/2-1/2"]
[WhiteElo "2069"]
[BlackElo "2167"]
[PlyCount "176"]
[EventDate "2017.??.??"]

1. e4 c5 2. Nf3 Nc6 3. Bb5 d6 4. O-O Bd7 5. c3 Nf6 6. Re1 e5 7. d4 Be7 8. dxc5
dxc5 9. Bg5 Qc7 10. Nbd2 Nb8 11. Bxd7+ Nbxd7 12. Nc4 O-O 13. Bxf6 Bxf6 14. Qd6
Qxd6 15. Nxd6 Rfd8 16. Rad1 Rab8 17. Rd2 Nb6 18. b3 g6 19. Red1 a6 20. a4 a5
21. Kf1 Kf8 22. Ke2 Rd7 23. Nc4 Rxd2+ 24. Rxd2 Nxc4 25. bxc4 b6 26. Rd5 Re8 27.
Rd7 Re6 28. Ne1 Ke8 29. Rd3 Bg5 30. Nc2 f5 31. f3 fxe4 32. fxe4 Bc1 33. Ne1 Bg5
34. Nf3 Bf6 35. Rd5 Ke7 36. Ne1 Bg5 37. Nd3 Bf6 38. Nf2 h5 39. Nd3 Ke8 40. Ne1
Ke7 41. Nc2 Bg5 42. Na3 Bf6 43. Nb5 Rc6 44. Kf3 Bg7 45. g3 Rf6+ 46. Kg2 Rc6 47.
Kh3 Bf6 48. Rd3 Bg5 49. Kg2 Ke6 50. Rd5 Be7 51. Rd3 Rc8 52. Rf3 Rc6 53. h3 Rc8
54. Rd3 Rc6 55. h4 Rc8 56. Rf3 Rc6 57. Rd3 Rc8 58. Rd1 Bf8 59. Kf3 Be7 60. Rb1
Bd8 61. Na3 Rc6 62. Rd1 Be7 63. Nc2 Rc8 64. Ne3 Rf8+ 65. Kg2 Bd8 66. Nd5 Rf7
67. Rb1 Rb7 68. Rb2 Kf7 69. Kh3 Ke6 70. Rf2 Be7 71. g4 hxg4+ 72. Kxg4 Rb8 73.
Rb2 Bd8 74. h5 gxh5+ 75. Kxh5 Rb7 76. Rg2 Rh7+ 77. Kg4 Rh1 78. Rb2 Rh4+ 79. Kf3
Rh3+ 80. Kg2 Rd3 81. Kf2 Rd1 82. Nxb6 Rh1 83. Rb5 Kd6 84. Ke2 Ra1 85. Nc8+ Kc6
86. Na7+ Kd6 87. Nc8+ Kc6 88. Na7+ Kd6 1/2-1/2

[Event "OLNN 1718 SF Schwerin - Königsspringer"]
[Site "?"]
[Date "2017.10.23"]
[Round "2.8"]
[White "Schreiber, Kevin"]
[Black "Hloskovsky, Andrei"]
[Result "1/2-1/2"]
[WhiteElo "2028"]
[BlackElo "2099"]
[PlyCount "160"]
[EventDate "2017.??.??"]

1. Nf3 e6 2. c4 d5 3. d4 c6 4. Nc3 Bd6 5. e4 dxe4 6. Nxe4 Bb4+ 7. Bd2 Bxd2+ 8.
Qxd2 Nf6 9. Bd3 Nxe4 10. Bxe4 Nd7 11. O-O-O Nf6 12. Bc2 Qc7 13. g4 b6 14. g5
Nd7 15. Ne5 Ba6 16. Qc3 O-O-O 17. Rhe1 Nxe5 18. Rxe5 Rhe8 19. Kb1 Re7 20. f4 f6
21. gxf6 gxf6 22. Rxe6 Rxe6 23. Bf5 Qxf4 24. Bxe6+ Kb8 25. Qg3 Qxg3 26. hxg3 c5
27. Kc2 cxd4 28. Bd5 Rd7 29. Rxd4 Bxc4 30. Rxc4 Rxd5 31. Rh4 h5 32. Rf4 Rg5 33.
Rxf6 Rxg3 34. Rh6 Rh3 35. Rh7 a5 36. a4 h4 37. b3 Rh1 38. Kb2 h3 39. Ka3 Rh2
40. b4 axb4+ 41. Kxb4 Rh1 42. Kb3 Kc8 43. Kb2 Kd8 44. Rb7 Rg1 45. Rh7 Rg2+ 46.
Kb3 Rh2 47. Rb7 Rh1 48. Kb2 h2 49. Rh7 Ke8 50. Ka2 Kf8 51. Kb2 Kg8 52. Rh5 Kg7
53. Ka2 Kf6 54. Rh8 Kf5 55. Kb2 Ke4 56. Rh7 Kd3 57. Rh6 Kc4 58. Rh4+ Kc5 59.
Rh5+ Kb4 60. Rh4+ Ka5 61. Ka2 Rf1 62. Rxh2 Kxa4 63. Rh4+ Ka5 64. Kb3 Rf3+ 65.
Kb2 b5 66. Rg4 Kb6 67. Rh4 Rd3 68. Kc2 Rd5 69. Kb3 Kc5 70. Rh3 Rf5 71. Rg3 Rf4
72. Rh3 Rb4+ 73. Kc3 Rb1 74. Kc2 Ra1 75. Kb2 Ra4 76. Kb3 Rb4+ 77. Kc3 Rc4+ 78.
Kb3 Kb6 79. Rg3 Ka5 80. Rh3 Re4 1/2-1/2

[Event "OLNN 1718 Königsspringer HH - Schachfre"]
[Site "?"]
[Date "2017.11.12"]
[Round "3.1"]
[White "Sawatzki, Frank"]
[Black "Pfreundt, Jakob"]
[Result "1-0"]
[WhiteElo "2387"]
[BlackElo "2392"]
[PlyCount "107"]
[EventDate "2017.??.??"]

1. e4 e5 2. Nf3 Nc6 3. Bc4 Bc5 4. d3 Nf6 5. O-O d6 6. c3 h6 7. a4 a5 8. Na3 O-O
9. h3 Ne7 10. Nc2 Ng6 11. Re1 Re8 12. Be3 Bxe3 13. Nxe3 c6 14. Qb3 Qc7 15. Nh2
Be6 16. Nhg4 Nd7 17. Bxe6 Rxe6 18. Nf5 Nf4 19. Qc2 Rae8 20. Kh2 h5 21. Nge3 Rf6
22. Rad1 g6 23. Nh4 Ne6 24. g3 Ng5 25. Qe2 Nc5 26. f3 Nxa4 27. g4 hxg4 28. Nxg4
Rf4 29. Rg1 Kg7 30. Rg3 Rh8 31. Ng2 Qd7 32. Nf2 Ne6 33. Nxf4 Nxf4 34. Qc2 b5
35. Ra1 Nc5 36. d4 Ncd3 37. Ng4 c5 38. Rxa5 exd4 39. cxd4 cxd4 40. Ra3 Ne5 41.
Qd2 Ne6 42. f4 Nc4 43. Qf2 Nxa3 44. bxa3 f6 45. f5 Ng5 46. Nxf6 Rxh3+ 47. Rxh3
Kxf6 48. Qxd4+ Kf7 49. Rg3 Qe7 50. Qd5+ Kf6 51. Qg8 Ke5 52. Qd5+ Kf6 53. fxg6
Kxg6 54. Qxb5 1-0

[Event "OLNN 1718 Königsspringer HH - Schachfre"]
[Site "?"]
[Date "2017.11.12"]
[Round "3.2"]
[White "Lamprecht, Frank"]
[Black "Bokelbrink, Uwe"]
[Result "1/2-1/2"]
[WhiteElo "2386"]
[BlackElo "2304"]
[PlyCount "47"]
[EventDate "2017.??.??"]

1. Nf3 d5 2. d4 Nf6 3. c4 c6 4. e3 Bf5 5. Nc3 e6 6. Be2 Be7 7. O-O Nbd7 8. b3
h6 9. Bb2 O-O 10. Bd3 Ne4 11. Bxe4 Bxe4 12. Nxe4 dxe4 13. Nd2 f5 14. f3 exf3
15. Nxf3 Nf6 16. Qe2 Qe8 17. Rad1 Rd8 18. Rd3 Qh5 19. Qe1 Ne4 20. Qc1 Bd6 21.
Ba3 c5 22. Qc2 b6 23. dxc5 bxc5 24. Bb2 1/2-1/2

[Event "OLNN 1718 Königsspringer HH - Schachfre"]
[Site "?"]
[Date "2017.11.12"]
[Round "3.3"]
[White "Hermesmann, Hans"]
[Black "Zimmermann, Julian"]
[Result "0-1"]
[WhiteElo "2260"]
[BlackElo "2312"]
[PlyCount "82"]
[EventDate "2017.??.??"]

1. d4 Nf6 2. Bg5 e6 3. e3 c5 4. Nf3 Be7 5. Nbd2 b6 6. Bd3 Bb7 7. Qe2 cxd4 8.
exd4 Nd5 9. Be3 Nb4 10. c3 Nxd3+ 11. Qxd3 O-O 12. h4 Ba6 13. Qc2 Nc6 14. g4 Rc8
15. a3 f5 16. gxf5 Rxf5 17. Bg5 Qf8 18. Rh3 Bd6 19. Be3 Ne7 20. Qe4 Nd5 21. Ne5
Rc7 22. Ndf3 Bb7 23. Qd3 Bxe5 24. Nxe5 d6 25. Ng4 Nf4 26. Bxf4 Rxf4 27. Rg3 Bf3
28. Ne3 Rxh4 29. Kd2 Be4 30. Qe2 Rf7 31. Rf1 Rhf4 32. Nd1 Qe7 33. Re3 Bf3 34.
Qe1 Bd5 35. Kc1 Qc7 36. Rg3 Be4 37. Ne3 Qc6 38. Qe2 Bg6 39. d5 exd5 40. Nc2 d4
41. Nb4 Qe4 0-1

[Event "OLNN 1718 Königsspringer HH - Schachfre"]
[Site "?"]
[Date "2017.11.12"]
[Round "3.4"]
[White "Rosmann, Ilja"]
[Black "Ritscher, Jan-Paul"]
[Result "1-0"]
[WhiteElo "2291"]
[BlackElo "2221"]
[PlyCount "51"]
[EventDate "2017.??.??"]

1. e4 Nf6 2. e5 Nd5 3. d4 d6 4. Nf3 Bg4 5. c4 Nb6 6. exd6 exd6 7. Nc3 Be7 8. h3
Bh5 9. Be3 Nc6 10. b3 O-O 11. Bd3 Bg6 12. Bxg6 hxg6 13. Qd2 Qd7 14. d5 Nb4 15.
Ne4 c5 16. a3 Na6 17. g4 Nc8 18. Ke2 Re8 19. Qd3 b5 20. Rag1 bxc4 21. bxc4 Rb8
22. h4 Qa4 23. Nfd2 Rb2 24. h5 Nb6 25. hxg6 Qxc4 26. Rh8+ 1-0

[Event "OLNN 1718 Königsspringer HH - Schachfre"]
[Site "?"]
[Date "2017.11.12"]
[Round "3.5"]
[White "Kluenger, Marc"]
[Black "Schmidt, Jan-Peter"]
[Result "1/2-1/2"]
[WhiteElo "2195"]
[BlackElo "2240"]
[PlyCount "41"]
[EventDate "2017.??.??"]

1. Nf3 Nf6 2. c4 e6 3. b3 d5 4. Bb2 c5 5. e3 Nc6 6. cxd5 exd5 7. d4 cxd4 8.
Nxd4 Bb4+ 9. Bc3 Qa5 10. Qd2 Nxd4 11. Qxd4 Bxc3+ 12. Qxc3 Qb6 13. Be2 O-O 14.
O-O Re8 15. Qd3 d4 16. exd4 Bf5 17. Qxf5 Rxe2 18. Qc5 Qd8 19. Qc4 Re4 20. Qb4
Qxd4 21. Qxd4 1/2-1/2

[Event "OLNN 1718 Königsspringer HH - Schachfre"]
[Site "?"]
[Date "2017.11.12"]
[Round "3.6"]
[White "Dettmann, Steffen"]
[Black "Zimmermann, Martin"]
[Result "1-0"]
[WhiteElo "2194"]
[BlackElo "2143"]
[PlyCount "89"]
[EventDate "2017.??.??"]

1. e4 c5 2. Nf3 d6 3. d3 Nc6 4. Be2 Nf6 5. O-O g6 6. c3 Bg7 7. d4 O-O 8. d5 Nb8
9. Qc2 Nbd7 10. c4 Ne8 11. Nc3 Ne5 12. Nxe5 Bxe5 13. Bh6 Ng7 14. Kh1 f5 15. f4
Bd4 16. Bd3 Rf7 17. Bxg7 Bxg7 18. exf5 Bxf5 19. Bxf5 gxf5 20. Rae1 Qa5 21. Re3
Qb4 22. b3 a6 23. Ne2 Raf8 24. Ng3 Bd4 25. Ref3 Kh8 26. Ne2 Bg7 27. Ng1 Bd4 28.
Nh3 h6 29. Qe2 Qa5 30. Rg3 Qd8 31. Ng1 Qd7 32. Qh5 Rh7 33. Nf3 Bf6 34. Re1 Qe8
35. Qh3 b5 36. Nh4 Bxh4 37. Qxh4 bxc4 38. bxc4 Qa4 39. Rg6 Qxc4 40. Rxh6 Rff7
41. Rb1 Kg8 42. Rb8+ Rf8 43. Rg6+ Rg7 44. Rxf8+ Kxf8 45. Qh8+ 1-0

[Event "OLNN 1718 Königsspringer HH - Schachfre"]
[Site "?"]
[Date "2017.11.12"]
[Round "3.7"]
[White "Dietz, Juergen"]
[Black "Harder, Clemens"]
[Result "1/2-1/2"]
[WhiteElo "2142"]
[BlackElo "2174"]
[PlyCount "50"]
[EventDate "2017.??.??"]

1. f4 d5 2. Nf3 g6 3. g3 Bg7 4. Bg2 Nf6 5. d3 O-O 6. O-O c6 7. c3 Nbd7 8. Na3
Qb6+ 9. Kh1 Ng4 10. Qe1 f5 11. h3 Nh6 12. b4 Nf7 13. Nc2 e5 14. Be3 Qa6 15.
fxe5 Ndxe5 16. a4 Nxf3 17. Rxf3 b6 18. a5 b5 19. Nd4 Bd7 20. Qd2 Qc8 21. Kh2 a6
22. Rc1 Re8 23. Rc2 Qd8 24. Nb3 Bf8 25. Bb6 Qg5 1/2-1/2

[Event "OLNN 1718 Königsspringer HH - Schachfre"]
[Site "?"]
[Date "2017.11.12"]
[Round "3.8"]
[White "Lampe, Joerg"]
[Black "Kull, Florian"]
[Result "0-1"]
[WhiteElo "2124"]
[BlackElo "2142"]
[PlyCount "68"]
[EventDate "2017.??.??"]

1. e4 e6 2. d4 d5 3. Nd2 Nc6 4. Ngf3 Nf6 5. e5 Nd7 6. c3 f6 7. exf6 Qxf6 8. Bb5
Bd6 9. O-O O-O 10. Nb3 e5 11. Bg5 Qf7 12. Bh4 e4 13. Ne1 Nf6 14. Nc2 Bg4 15.
Qd2 Ne7 16. Bg3 Bxg3 17. hxg3 c6 18. Be2 Qh5 19. f3 exf3 20. Bxf3 Nf5 21. Qf2
Nd6 22. Ne3 Nde4 23. Bxe4 Nxe4 24. Qe1 Rxf1+ 25. Nxf1 Rf8 26. Nbd2 Re8 27. Qe3
Nf6 28. Qf4 Qf5 29. Qxf5 Bxf5 30. Kf2 Ng4+ 31. Kf3 g5 32. c4 h5 33. cxd5 Bd3
34. dxc6 Be2# 0-1

[Event "OLNN 1718 Hamburger SK III - Schachfreu"]
[Site "?"]
[Date "2017.11.12"]
[Round "3.1"]
[White "Schulz, Karsten"]
[Black "Gaede, Derek"]
[Result "1/2-1/2"]
[WhiteElo "2281"]
[BlackElo "2325"]
[PlyCount "120"]
[EventDate "2017.??.??"]

1. Nf3 d5 2. g3 Nf6 3. Bg2 Bf5 4. O-O e6 5. d3 h6 6. c4 c6 7. cxd5 cxd5 8. Qb3
Qb6 9. Qxb6 axb6 10. Nc3 Bc5 11. Nb5 O-O 12. Bd2 Nc6 13. a3 e5 14. b4 Be7 15.
Rfc1 Rfc8 16. Bc3 d4 17. Bb2 Bd7 18. Nd2 Nxb4 19. Nc7 Ra7 20. axb4 Rxa1 21.
Bxa1 Ne8 22. Bxb7 Rxc7 23. Rxc7 Nxc7 24. Nc4 f6 25. Nxb6 Be6 26. b5 Nxb5 27.
Bb2 Nc3 28. Kf1 Bh3+ 29. Ke1 Bb4 30. Bxc3 dxc3 31. Kd1 Bc5 32. Na4 c2+ 33. Kxc2
Bxf2 34. Kd2 Bg1 35. Ke1 Bxh2 36. Kf2 h5 37. Bg2 Be6 38. Bf3 h4 39. gxh4 Bf4
40. Nc3 Bd2 41. Bd5 Kf7 42. Bxe6+ Kxe6 43. Ne4 Bb4 44. Ng3 f5 45. Nf1 g6 46.
Nh2 Bc5+ 47. Kg3 Be3 48. Kf3 Bf4 49. Nf1 Kd5 50. e3 Bh6 51. h5 gxh5 52. Ng3
Bxe3 53. Nxf5 Bg5 54. Ng3 h4 55. Ne4 Be7 56. Nf2 Bd6 57. Ng4 h3 58. Kf2 Kd4 59.
Kg1 h2+ 60. Kg2 Kxd3 1/2-1/2

[Event "OLNN 1718 Hamburger SK III - Schachfreu"]
[Site "?"]
[Date "2017.11.12"]
[Round "3.2"]
[White "Bente, Bjoern"]
[Black "de Jong, Migchiel"]
[Result "0-1"]
[WhiteElo "2272"]
[BlackElo "2352"]
[PlyCount "76"]
[EventDate "2017.??.??"]

1. d4 e6 2. c4 Bb4+ 3. Bd2 a5 4. e4 d6 5. Nf3 Nc6 6. Nc3 Nf6 7. Bd3 e5 8. a3
Bxc3 9. Bxc3 Bg4 10. d5 Ne7 11. h3 Bd7 12. Qe2 O-O 13. Nd2 Ne8 14. O-O-O c6 15.
Kb1 cxd5 16. cxd5 Nc7 17. Nc4 Nb5 18. Rc1 Nc8 19. Qd2 Nb6 20. Qe3 Na4 21. Bd2
Nd4 22. Bc2 Bb5 23. Bxa4 Bxa4 24. Bc3 Nb3 25. Nb6 Nxc1 26. Nxa8 Nb3 27. Nb6 Bb5
28. a4 Nc5 29. Bxa5 Nxa4 30. Qb3 Bd7 31. Qb4 Nc5 32. Na4 Qg5 33. Nxc5 dxc5 34.
Qxb7 Qxg2 35. Re1 Qxh3 36. Re3 Qf1+ 37. Be1 Bb5 38. d6 Be2 0-1

[Event "OLNN 1718 Hamburger SK III - Schachfreu"]
[Site "?"]
[Date "2017.11.12"]
[Round "3.3"]
[White "Wolf, Christoph"]
[Black "Lindinger, Markus"]
[Result "1-0"]
[WhiteElo "2195"]
[BlackElo "2257"]
[PlyCount "31"]
[EventDate "2017.??.??"]

1. e4 e6 2. d4 d5 3. Bd3 c5 4. exd5 Qxd5 5. Nc3 Qxd4 6. Nb5 Qd8 7. Bf4 Na6 8.
Qe2 Qa5+ 9. c3 Nf6 10. Rd1 Bd7 11. Nf3 Nd5 12. Bg3 f6 13. Nd2 Qb6 14. Nc4 Qc6
15. Ncd6+ Ke7 16. Be4 1-0

[Event "OLNN 1718 Hamburger SK III - Schachfreu"]
[Site "?"]
[Date "2017.11.12"]
[Round "3.4"]
[White "Hinrichs, Lars"]
[Black "Reichmann, Hendrik"]
[Result "0-1"]
[WhiteElo "2215"]
[BlackElo "2336"]
[PlyCount "78"]
[EventDate "2017.??.??"]

1. b3 e5 2. Bb2 d6 3. g3 c5 4. Bg2 Nc6 5. e3 g6 6. c4 Bg7 7. Nc3 Nge7 8. Nge2
O-O 9. O-O Bg4 10. h3 Be6 11. Nd5 Qd7 12. Kh2 Bxd5 13. cxd5 Nb4 14. Nc3 Nd3 15.
Qb1 Nxb2 16. Qxb2 f5 17. d3 b5 18. b4 Rab8 19. bxc5 dxc5 20. Qb3 Kh8 21. Rab1
a6 22. Rfe1 Qd6 23. a4 b4 24. Nd1 h5 25. Nb2 f4 26. Nc4 Qf6 27. e4 fxg3+ 28.
fxg3 h4 29. Rf1 hxg3+ 30. Kh1 Qh4 31. Ne3 Rf4 32. Qc2 g5 33. Qxc5 g4 34. Rxf4
exf4 35. Nxg4 f3 36. Bxf3 Qxh3+ 37. Kg1 Ng6 38. Rxb4 Rf8 39. Qe3 Nh4 0-1

[Event "OLNN 1718 Hamburger SK III - Schachfreu"]
[Site "?"]
[Date "2017.11.12"]
[Round "3.5"]
[White "Rittemann, Steffen"]
[Black "Zieher, Hartmut"]
[Result "1/2-1/2"]
[WhiteElo "2160"]
[BlackElo "2222"]
[PlyCount "65"]
[EventDate "2017.??.??"]

1. e4 e5 2. Nf3 Nc6 3. Bb5 a6 4. Ba4 Nf6 5. O-O Be7 6. Re1 b5 7. Bb3 d6 8. c3
O-O 9. h3 Nb8 10. d4 Nbd7 11. Nbd2 Bb7 12. Bc2 Re8 13. Nf1 Bf8 14. Ng3 g6 15.
a4 Bg7 16. Bd3 c6 17. Bg5 h6 18. Be3 Qc7 19. Qc2 Nb6 20. b3 Bc8 21. dxe5 dxe5
22. axb5 cxb5 23. Bxb5 axb5 24. Bxb6 Qc6 25. Rxa8 Qxa8 26. Bc7 Nd7 27. Qd3 Qc6
28. Bd6 Bb7 29. Ra1 f5 30. Re1 Re6 31. Bb4 f4 32. Nf1 Nc5 33. Bxc5 {(=)}
1/2-1/2

[Event "OLNN 1718 Hamburger SK III - Schachfreu"]
[Site "?"]
[Date "2017.11.12"]
[Round "3.6"]
[White "Bach, Matthias"]
[Black "Grahl, Arvid"]
[Result "1/2-1/2"]
[WhiteElo "2268"]
[BlackElo "2199"]
[PlyCount "62"]
[EventDate "2017.??.??"]

1. d4 Nf6 2. c4 g6 3. Nc3 Bg7 4. e4 d6 5. f4 O-O 6. Nf3 e5 7. fxe5 dxe5 8. d5
c6 9. Bd3 b5 10. Qe2 bxc4 11. Bxc4 Bb7 12. Bg5 Qb6 13. Be3 Qa5 14. Bd2 Qb6 15.
Na4 Qc7 16. Bb4 cxd5 17. Bxf8 Bxf8 18. exd5 Bb4+ 19. Nc3 Bxd5 20. Nd2 Bxc3 21.
bxc3 Nbd7 22. O-O Rc8 23. Bxd5 Nxd5 24. c4 Nf4 25. Qf3 Nc5 26. Ne4 Nce6 27. Kh1
f5 28. Nf6+ Kg7 29. Nd5 Qxc4 30. Nxf4 Nxf4 31. Qe3 Qc5 {(=)} 1/2-1/2

[Event "OLNN 1718 Hamburger SK III - Schachfreu"]
[Site "?"]
[Date "2017.11.12"]
[Round "3.7"]
[White "Westphal, Wolfgang"]
[Black "Rogozenco, Teodora"]
[Result "0-1"]
[WhiteElo "2174"]
[BlackElo "2117"]
[PlyCount "102"]
[EventDate "2017.??.??"]

1. Nc3 d5 2. d4 Nf6 3. Bf4 Bf5 4. Nb5 Na6 5. e3 c6 6. Nc3 Qb6 7. a3 Qxb2 8. Na4
Qxc2 9. Bxa6 Qxd1+ 10. Kxd1 bxa6 11. Nc5 Ne4 12. Nxa6 Nxf2+ 13. Kd2 Rc8 14. Nf3
Nxh1 15. Rxh1 f6 16. Rc1 e6 17. Rc3 Be7 18. Rb3 O-O 19. Rb7 Bxa3 20. Rb3 Be7
21. Rb7 Bd8 22. Bd6 Rf7 23. Rb3 Bb6 24. h3 Be4 25. Ke2 Rd7 26. Bc5 Bxc5 27.
Nxc5 Bxf3+ 28. gxf3 Re7 29. f4 a5 30. Rb6 Ra7 31. Na4 Kf7 32. Kd3 Ke7 33. Kc3
Kd6 34. Rb2 Raa8 35. Nb6 Rcb8 36. Nxa8 Rxa8 37. Rb7 a4 38. Kb2 Rg8 39. h4 h5
40. Kc3 g5 41. fxg5 fxg5 42. hxg5 Rxg5 43. Rh7 a3 44. Ra7 h4 45. Rxa3 h3 46.
Ra2 Rh5 47. Rh2 e5 48. Kd3 Rh4 49. Kc3 Ke6 50. Kd3 Kf5 51. Kc3 exd4+ 0-1

[Event "OLNN 1718 Hamburger SK III - Schachfreu"]
[Site "?"]
[Date "2017.11.12"]
[Round "3.8"]
[White "Pajeken, Jakob Leon"]
[Black "Heinsohn, Wilfried"]
[Result "1/2-1/2"]
[WhiteElo "2203"]
[BlackElo "2167"]
[PlyCount "131"]
[EventDate "2017.??.??"]

1. e4 c5 2. Nf3 Nc6 3. d4 cxd4 4. Nxd4 e5 5. Nb5 a6 6. Nd6+ Bxd6 7. Qxd6 Qe7 8.
Qd1 Nf6 9. Nc3 d6 10. Bg5 Be6 11. Nd5 Bxd5 12. exd5 Nb8 13. Be2 Nbd7 14. O-O
O-O 15. c4 Rac8 16. b4 h6 17. Be3 e4 18. Rc1 Rfd8 19. Qb3 Qe5 20. Rfd1 b6 21.
Bd4 Qf5 22. Qg3 Ne5 23. Bxb6 Rd7 24. Bd4 Re8 25. Qa3 Rde7 26. Bxe5 Qxe5 27. c5
Nxd5 28. cxd6 Rd7 29. Rc5 e3 30. f3 Rxd6 31. g3 Red8 32. Qb3 Qf5 33. Rd4 Qd7
34. Rd3 Nf4 35. Rxe3 Nxe2+ 36. Rxe2 Rd1+ 37. Kg2 Qd4 38. Rf2 Rd2 39. Rxd2 Qxd2+
40. Kh3 Qd7+ 41. g4 Qb7 42. a3 Rd2 43. Qe3 Qd7 44. Rc8+ Kh7 45. Rc7 Rxh2+ 46.
Kxh2 Qxc7+ 47. Kh3 g6 48. a4 Qc6 49. Qb3 Kg7 50. b5 axb5 51. axb5 Qc1 52. Kg2
h5 53. gxh5 Qg5+ 54. Kf1 Qxh5 55. b6 Qh1+ 56. Ke2 Qg2+ 57. Kd1 Qf1+ 58. Kc2
Qe2+ 59. Kc1 Qe1+ 60. Kc2 Qe2+ 61. Kc3 Qe3+ 62. Kc4 Qe6+ 63. Kc3 Qe3+ 64. Kb2
Qd2+ 65. Ka1 Qa5+ 66. Kb1 1/2-1/2

[Event "OLNN 1718 SK Marmstorf - SV Bargteheide"]
[Site "?"]
[Date "2017.11.12"]
[Round "3.1"]
[White "Fries-Nielsen, Jens Ove"]
[Black "Hebbinghaus, Holger"]
[Result "1/2-1/2"]
[WhiteElo "2314"]
[BlackElo "2259"]
[PlyCount "61"]
[EventDate "2017.??.??"]

1. d4 d5 2. Nc3 Nf6 3. Bf4 c5 4. e3 cxd4 5. exd4 a6 6. h3 Nc6 7. g4 e6 8. Nge2
Bd6 9. Bxd6 Qxd6 10. Bg2 h5 11. g5 Ng8 12. Qd2 Nge7 13. h4 Nf5 14. Nd1 Bd7 15.
Ne3 Nce7 16. Nxf5 Nxf5 17. Nf4 O-O-O 18. O-O-O g6 19. c3 Bb5 20. Bh3 Ne7 21. b3
Qa3+ 22. Kb1 Kb8 23. Ng2 Ka8 24. Ne3 Qd6 25. a4 Bc6 26. Kb2 Qc7 27. Nc2 Nc8 28.
Nb4 Nd6 29. Ra1 Rc8 30. f3 Rhd8 31. Bf1 1/2-1/2

[Event "OLNN 1718 SK Marmstorf - SV Bargteheide"]
[Site "?"]
[Date "2017.11.12"]
[Round "3.2"]
[White "Hawellek, Jeronimo"]
[Black "Light, Bjarne"]
[Result "1/2-1/2"]
[WhiteElo "2301"]
[BlackElo "2225"]
[PlyCount "136"]
[EventDate "2017.??.??"]

1. d4 Nf6 2. c4 e6 3. Nc3 Bb4 4. e3 O-O 5. Nge2 Re8 6. a3 Bf8 7. Ng3 d6 8. Bd3
e5 9. d5 c6 10. O-O cxd5 11. cxd5 Nbd7 12. e4 g6 13. b4 Bg7 14. a4 Rf8 15. Be3
Ne8 16. Rc1 h5 17. Nb5 a6 18. Na7 h4 19. Ne2 f5 20. exf5 gxf5 21. f4 e4 22. Bc4
Ndf6 23. Nxc8 Rxc8 24. Nd4 Ng4 25. Qb3 Nxe3 26. Qxe3 Qb6 27. Nc2 Qxe3+ 28. Nxe3
Bd4 29. Kf2 Nf6 30. Ke2 Bxe3 31. Kxe3 Rf7 32. Bb3 Rfc7 33. Rxc7 Rxc7 34. Kd4
Kf8 35. Rb1 Rg7 36. Rb2 Nh5 37. Bd1 Nf6 38. a5 Ke7 39. Rc2 Kd8 40. Rd2 Rc7 41.
Rc2 h3 42. gxh3 Rg7 43. Rf2 Rh7 44. Rg2 Rxh3 45. Be2 Rb3 46. Kc4 Rb2 47. Bf1
Rb1 48. Be2 Rb2 49. Bf1 Rxg2 50. Bxg2 Nh5 51. Bh3 Nxf4 52. Bxf5 e3 53. Kc3
Nxd5+ 54. Kd3 Nxb4+ 55. Kxe3 Nc6 56. h4 Ke7 57. Ke4 Nxa5 58. Bc8 Nb3 59. Kd5 a5
60. h5 b5 61. h6 Kf6 62. Kxd6 a4 63. Be6 Nd4 64. Bd5 b4 65. Kc5 Nc2 66. Kb5 a3
67. Ka4 Ne3 68. Kxb4 Nxd5+ 1/2-1/2

[Event "OLNN 1718 SK Marmstorf - SV Bargteheide"]
[Site "?"]
[Date "2017.11.12"]
[Round "3.3"]
[White "Wolter, Jens"]
[Black "Mueller, Tobias"]
[Result "1-0"]
[WhiteElo "2166"]
[BlackElo "2148"]
[PlyCount "120"]
[EventDate "2017.??.??"]

1. e4 c5 2. Nf3 d6 3. Bb5+ Nd7 4. O-O a6 5. Bxd7+ Bxd7 6. d4 cxd4 7. Qxd4 e6 8.
Bg5 Nf6 9. e5 dxe5 10. Nxe5 Be7 11. Rd1 Bc6 12. Qxd8+ Bxd8 13. Nxc6 bxc6 14.
Na3 O-O 15. Nc4 h6 16. Bxf6 Bxf6 17. Rd6 Rfd8 18. Rad1 Kf8 19. Rxd8+ Rxd8 20.
Rxd8+ Bxd8 21. Ne5 Bf6 22. Nxc6 Bxb2 23. Kf1 e5 24. Ke2 e4 25. Ke3 f5 26. g4
Bc1+ 27. Kd4 fxg4 28. Kxe4 g5 29. Ne5 h5 30. Kf5 Ke7 31. Nd3 Bd2 32. Kg6 h4 33.
Kh5 g3 34. fxg3 hxg3 35. hxg3 Kd6 36. c4 a5 37. Kg4 Be3 38. Kf5 Bd2 39. g4 Be3
40. Ke4 Bg1 41. Kf5 Be3 42. a4 Kc6 43. Ke6 Bg1 44. Kf5 Be3 45. Ke4 Ba7 46. Ne5+
Kd6 47. Nf7+ Kc5 48. Kd3 Kb4 49. Nxg5 Kxa4 50. Ne6 Kb4 51. Nc7 a4 52. Nb5 a3
53. Nxa3 Bb8 54. g5 Be5 55. g6 Kc5 56. Ke4 Bg7 57. Kf5 Kd6 58. Nc2 Kc5 59. Ne3
Kd6 60. Ke4 Ke6 1-0

[Event "OLNN 1718 SK Marmstorf - SV Bargteheide"]
[Site "?"]
[Date "2017.11.12"]
[Round "3.4"]
[White "Ramme, Christoph"]
[Black "Wollenweber, Carsten"]
[Result "1-0"]
[WhiteElo "2164"]
[BlackElo "2093"]
[PlyCount "91"]
[EventDate "2017.??.??"]

1. e4 d6 2. d4 Nf6 3. Nc3 c6 4. Nf3 Bg4 5. Be2 e6 6. Be3 Be7 7. h3 Bh5 8. O-O
Nbd7 9. d5 cxd5 10. exd5 e5 11. Nd2 Bg6 12. a4 a6 13. Nc4 Rc8 14. a5 O-O 15.
Ra3 Nc5 16. b4 Nce4 17. Na4 Nd7 18. Ncb6 Nxb6 19. Bxb6 Qe8 20. c4 f5 21. Nc3
Nxc3 22. Rxc3 f4 23. Bg4 Bf5 24. Bxf5 Rxf5 25. Qd3 Qd7 26. Rd1 f3 27. g3 Rcf8
28. Qe4 Qa4 29. Rb1 Rh5 30. Rxf3 Rxh3 31. Rxf8+ Bxf8 32. Be3 Qd7 33. c5 Rh5 34.
c6 bxc6 35. dxc6 Qe6 36. Rd1 Qc8 37. Qd5+ Kh8 38. Rc1 Rf5 39. c7 Be7 40. Rc6
Rf8 41. Qc4 d5 42. Qxd5 Bxb4 43. Bc5 Bxc5 44. Qxc5 Re8 45. Rb6 Qd7 46. Rb8 1-0

[Event "OLNN 1718 SK Marmstorf - SV Bargteheide"]
[Site "?"]
[Date "2017.11.12"]
[Round "3.5"]
[White "zum Felde, Michael"]
[Black "Mueller, Jan Hendrik"]
[Result "0-1"]
[WhiteElo "2151"]
[BlackElo "2097"]
[PlyCount "100"]
[EventDate "2017.??.??"]

1. c4 e5 2. Nc3 Nf6 3. Nf3 Nc6 4. d4 exd4 5. Nxd4 Bb4 6. Nxc6 Bxc3+ 7. bxc3
dxc6 8. Qxd8+ Kxd8 9. Bf4 Be6 10. e3 Nd7 11. e4 a5 12. Be3 a4 13. a3 Ne5 14.
Bd4 f6 15. Bxe5 fxe5 16. Rb1 b6 17. Kd2 Rf8 18. Ke3 Ke7 19. Be2 Kd6 20. Rhd1+
Kc5 21. Rb4 Ra5 22. Rd2 g5 23. h3 Raa8 24. Rd1 Rh8 25. Rh1 h5 26. h4 g4 27. g3
Rhf8 28. Rf1 Rf7 29. f4 gxf3 30. Rxf3 Rxf3+ 31. Bxf3 Rg8 32. Kf2 Bg4 33. Bxg4
Rxg4 34. Rxa4 Rxe4 35. Ra8 Rxc4 36. Rh8 Rxc3 37. Rxh5 Kd4 38. Rh8 Rc2+ 39. Kg1
Ke3 40. h5 Kf3 41. Rg8 Rd2 42. h6 Rd7 43. Kh2 Rd6 44. Rh8 e4 45. h7 Rh6+ 46.
Kg1 Ke2 47. Kg2 c5 48. g4 c4 49. g5 Rh1 50. Re8 Kd3 0-1

[Event "OLNN 1718 SK Marmstorf - SV Bargteheide"]
[Site "?"]
[Date "2017.11.12"]
[Round "3.6"]
[White "Hohlbein, Michael"]
[Black "Porth, Hartmut"]
[Result "1-0"]
[WhiteElo "2085"]
[BlackElo "2121"]
[PlyCount "59"]
[EventDate "2017.??.??"]

1. e4 Nc6 2. Nf3 d5 3. exd5 Qxd5 4. Nc3 Qa5 5. d4 Bg4 6. Bb5 e6 7. d5 O-O-O 8.
Bxc6 bxc6 9. Qe2 exd5 10. O-O Nf6 11. Qd3 Bxf3 12. Qxf3 d4 13. Ne2 Qd5 14. Qd3
c5 15. Nf4 Qb7 16. Qc4 c6 17. a4 Nd5 18. Nd3 Nb6 19. Qa2 Bd6 20. Bd2 Rde8 21.
b4 cxb4 22. Bxb4 Bxb4 23. Nxb4 c5 24. a5 cxb4 25. axb6 a6 26. Qc4+ Kb8 27. Rxa6
Rc8 28. Qb5 Rce8 29. Rfa1 Re6 30. Ra8+ 1-0

[Event "OLNN 1718 SK Marmstorf - SV Bargteheide"]
[Site "?"]
[Date "2017.11.12"]
[Round "3.7"]
[White "Peterwitz, Klaus"]
[Black "Diekmann, Jens"]
[Result "1/2-1/2"]
[WhiteElo "2110"]
[BlackElo "2058"]
[PlyCount "41"]
[EventDate "2017.??.??"]

1. Nf3 c5 2. g3 g6 3. Bg2 Bg7 4. d4 cxd4 5. Nxd4 Nc6 6. Nb3 Nf6 7. c4 O-O 8.
O-O d6 9. Nc3 Be6 10. c5 d5 11. Bg5 Qd7 12. Qd2 Rfd8 13. Rfd1 Rac8 14. Bxf6
Bxf6 15. Nxd5 Bxd5 16. Bxd5 e6 17. Bf3 Qxd2 18. Rxd2 Rxd2 19. Nxd2 Bxb2 20. Rb1
Ba3 21. Rxb7 1/2-1/2